LEADER 01591nam a2200289 i 4500 001 000000188402 003 CaOOAMICUS 005 20230119135804.0 008 151111s1605 it u000 u ita u 013 $a166585 026 $aerhi s,e liu- diPr (3) 1605 (A) 040 $aSeMil$bita 100 1 $aFelino, Lorenzo.$0(OLS)http://semarc/name/69017 245 10$aOratione in lode del B. Carlo Borromeo cardinale di S. Prassede et arcivescovo di Milano. Composta, e recitata dal R. P. Don Lorenzo Felino Cherico regolare teatino nel Duomo di Milano li 4. di novembre dell'anno 1605. 260 $aIn Milano :$bAppresso Agostino Tradate,$c1605. 300 $a[4], 24 p. ;$c4º. 500 $aVignetta xilogr. (Effige di San Carlo in ovale) sul front. 500 $aSegn.: A-C4 D2 500 $aIniz. xilogr. 650 4$aBorromeo, Carlo - Celebrativi.$0(OLS)http://semarc/subject/919 700 1 $aTradate, Agostino,$c.$0(OLS)http://semarc/name/69018 773 0 $t[Panegirici in onore di San carlo Borromeo.$d[S.l. : s.n.] $w()5906 850 $aSeMil 852 $aSeMil$W1$xVenegono$y1$m3G VII 2/2 FA$j139057$B139057$CSeMilBibl$Z2$F150639 $8I 996 $6245$aOratione in lode del B. Carlo Borromeo cardinale di S. Prassede et arcivescovo di Milano. Composta, e recitata dal R. P. Don Lorenzo Felino Cherico regolare teatino nel Duomo di Milano li 4. di novembre dell'anno 1605$9(OLS)http://semarc/title/271146 996 $6260$aIn Milano :$bAppresso Agostino Tradate$9(OLS)http://semarc/publisher/50073 LEADER 00917nam a2200229 i 4500 001 000000044945 003 CaOOAMICUS 005 20110210000000.0 008 110210s1980 it u000 u ita u 013 $a16115 020 $a88-209-1340-2 040 $aSeMil$bita 100 1 $a* Intestazione al titolo.$0(OLS)http://semarc/name/176 245 10$aAnno A. 300 $a415 p. 650 4$aBibbia. Nuovo Testamento. Vangeli - Commentari, studi, critica, interpretazioni.$0(OLS)http://semarc/subject/537 773 0 $aGarofalo, Salvatore $tParole di vita.$dCittà del Vaticano : Libreria Editrice Vaticana, 1979-1981.$gVolume1$w()1403 850 $aSeMil 852 $aSeMil$W1$xVenegono$y1$m3K I 343$j11100$B11100$CSeMilBibl$Z2$F11100 $81 961 $aOmaggio: Conti Franco 996 $6020$a88-209-1340-2$9(OLS)http://semarc/number/16952 996 $6245$aAnno A$9(OLS)http://semarc/title/22553